00415nam a2200109Ia 4500008004100000100003800041245008700079260002500166300002000191650001600211856007800227160712s9999 xx 000 0 und d aDuque, Yason BanalMary Jessel B.  cYason BanalMary Jessel B. DuqueaStarlet Suicide, Splat Theory: A Performance Text c2011bDiliman Review avol. 58 no. 1-4 xPERFORMANCE uhttp://journals.upd.edu.ph/index.php/dilimanreview/issue/view/513/showToc